| 000 | 00331nam a22001217a 4500 | ||
|---|---|---|---|
| 082 |
_a387.736 _bAIR _cD |
||
| 245 |
_aAirport Economic Planning _bHoward |
||
| 260 |
_aWashington _bThe world bank _c1974 |
||
| 300 |
_axiii, 617 p. : _bill, ; _c20 cm |
||
| 526 |
_a0 _b0 _c0 _d387_736000000000000_AIR |
||
| 650 | _aMCE (D) | ||
| 942 |
_2ddc _cBK |
||
| 999 |
_c542997 _d542997 |
||